| 000 | 00516cam a2200193 4500 | ||
|---|---|---|---|
| 001 | D8201 | ||
| 008 | 090401t1936 xxu||||| |||| 00| 0 eng d | ||
| 035 | _a(Sirsi) u11716 | ||
| 041 | _aeng | ||
| 050 | _a526.9 | ||
| 100 | _aReynolds, Walter F | ||
| 245 | _aRelation between plane rectangular coordinates and geographic positions | ||
| 260 |
_aWashington D.C _bGovernment Printing Office _c1936 |
||
| 300 | _a90p. 23cm | ||
| 350 | _a0 | ||
| 490 |
_aSpecial Publication _v71 |
||
| 942 | _n0 | ||
| 948 | _c04/03/1997 | ||
| 999 |
_c86898 _d86898 |
||